| 000 | 00688nam a2200229Ia 4500 | ||
|---|---|---|---|
| 005 | 20251020182543.0 | ||
| 008 | 200515s9999 xx 000 0 und d | ||
| 020 | _a978-3-8331-6225-1 | ||
| 082 | _a747.09/k64 | ||
| 100 | _aEhrenfried Kluckert | ||
| 245 | 0 | _aGrandes jardines de Europa: Desde la antigüedad hasta nuestros días | |
| 260 | _aBarcelona | ||
| 260 | _bUllmann | ||
| 260 | _c2011 | ||
| 300 | _a496 | ||
| 300 | _bil. | ||
| 500 | _a1 ejemplar | ||
| 520 | _aOfrece al lector la posibilidad de conocer la diversidad de los jardines que nacieron durante la diferentes épocas de la historia del arte europeo. | ||
| 650 | _aJARDINES | ||
| 942 | _cLIB | ||
| 999 |
_c2473 _d2473 |
||